| 000 | 01333cam a2200373 i 4500 | ||
|---|---|---|---|
| 001 | 18661555 | ||
| 003 | OSt | ||
| 005 | 20260703151730.0 | ||
| 008 | 150616s2016 ilua b 001 0 eng | ||
| 010 | _a 2015023759 | ||
| 020 |
_a9781433542985 _qtp |
||
| 035 | _a18661555 | ||
| 040 |
_aDLC _beng _cDLC _erda _dDLC |
||
| 042 | _apcc | ||
| 050 | 0 | 0 |
_aBT1212 _b.S76 2016 |
| 082 | 0 | 0 |
_a239 _223 |
| 100 | 1 | _aStokes, Mitch. | |
| 245 | 1 | 0 |
_aHow to be an atheist : _bwhy many skeptics aren't skeptical enough / _cMitch Stokes ; foreword by J. P. Moreland. |
| 264 | 1 |
_aWheaton : _bCrossway, _c2016. |
|
| 300 |
_a255 pages : _billustrations ; _c23 cm |
||
| 336 |
_atext _btxt _2rdacontent |
||
| 337 |
_aunmediated _bn _2rdamedia |
||
| 338 |
_avolume _bnc _2rdacarrier |
||
| 504 | _aIncludes bibliographical references (pages 243-248) and index. | ||
| 583 |
_aCataloguing: _c20260703 _kgtanuigtanui |
||
| 650 | 0 | _aApologetics. | |
| 650 | 0 | _aChristianity and atheism. | |
| 650 | 0 | _aAtheism. | |
| 650 | 0 | _aSkepticism. | |
| 776 | 0 | 8 |
_iOnline version: _aStokes, Mitch. _tHow to be an atheist _dWheaton : Crossway, 2016 _z9781433542992 _w(DLC) 2015028645 |
| 906 |
_a7 _bcbc _corignew _d1 _eecip _f20 _gy-gencatlg |
||
| 942 |
_2lcc _cBK |
||
| 999 |
_c21779 _d21778 |
||